| 000 | 00487nam a22001817a 4500 | ||
|---|---|---|---|
| 003 | NUST - PNEC | ||
| 005 | 20170116181120.0 | ||
| 008 | 151005b xxu||||| |||| 00| 0 eng d | ||
| 020 | _a8122417752 | ||
| 040 | _cLIBRARY | ||
| 082 | _a629.8312 NAG | ||
| 100 |
_913499 _aNagrath, I. J.; Gopal, M. |
||
| 245 |
_aControl systems engineering _cI.J.Nagrath ; Gopal, M |
||
| 250 | _a4th ed. | ||
| 260 | _cc.2006 | ||
| 650 |
_913500 _aAutomatic control _xMS Control, MIS |
||
| 942 |
_2ddc _cBK |
||
| 999 |
_c69557 _d69557 |
||